| 000 | 01161nam a22002291a 4500 | ||
|---|---|---|---|
| 001 | 18037 | ||
| 003 | OSt | ||
| 005 | 20260204212346.0 | ||
| 008 | 170222s2015||||dr ||||||b||||||||||spa|| | ||
| 090 | _aEDU-IN 2015 G172 | ||
| 100 | 1 |
_aGarcía Castillo, Maricela Yajaira _esustentante |
|
| 245 | 1 | _aImplementación del juego trabajo en el centro modelo del nivel inicial Juan Sánchez Ramírez, del Distrito Educativo 16-01, Cotuí, Provincia Sánchez Ramírez, del año 2015 / Maricela Yajaira García Castillo y Marcia Almonte Herrera. Asesora : Yuderka Mendoza Frías | |
| 260 |
_aCotuí, República Dominicana : _bUTECO, _c2015 |
||
| 300 |
_a 56 hojas : _bIlustraciones ; _c28cm. |
||
| 502 | _aTrabajo de grado (Licenciatura en Educación Inicial)--Universidad Tecnológica del Cibao Oriental, 2015 | ||
| 504 | _aIncluye referencia bibliográfica e índice | ||
| 650 | 4 | _aImplementación del juego trabajo en el centro modelo del nivel inicial | |
| 700 | 1 |
_aMarcia Almonte Herrera. _esustentante |
|
| 700 | 1 |
_aYuderka Mendoza Frías _easesor |
|
| 830 | _aTesis y disertaciones académicas (Universidad Tecnológica del Cibao Oriental) | ||
| 942 |
_2LC _cTH |
||
| 999 |
_c18037 _d18037 |
||